1420 1132 1704 1688 1098 1094 1288 1465 1416 1764 1422 1792 1028 1400 1038 1125 1809 1239 1294 1616 1764 1383 1277 1845 1111 1596 1541 1580 1563 1078 1117 1060 1462 1439 1226 1147 1765 1043 1378 1735 1496 1023 1718 1606 1584 1883 1889 1627 1243 1106 1120 1461 1785 1927 1392 1653 1992 1926 1280 1992 1216 1565 1818 1456 1257 1532 1817 1263 1497 1765 1852 1778 1094 1553 1234 1237 1418 1556 1995 1297 1574 1630 1822 1992 1082 1209 1174 1777 1691 1642 1874 1375 1682 1527 1944 1928 1653 1908 1450 BCNSPRNW ULIB Ver.6.0+V

เปลี่ยนเป็นภาษาไทย

Change to English
 แสดงรายละเอียดบรรณานุกรม
  กลับหน้าหลัก

Brief Record : Get Marc (ISO 2709) : E-mail record : QR code < ปิดหน้าต่าง
LEADER : 00000nam 2200000uu 4500
001    13399114379
003     ULIB
008    120327s2548||||th 000 0 tha d
020    ^a9749243900
050  4 ^aBQ7210^bจ636ต 2548
100 0  ^aจุ้มจะริง
245 10 ^aตามรอยพ่อ /^cจุ้มจะริง
246 34 ^aตามรอยพ่อ :
250    ^aพิมพ์ครั้งที่ 6
260    ^aกรุงเทพฯ :^bอมรินทร์,^c2548
300    ^a237 หน้า :^bภาพประกอบสี ;^c19 ซม.
500    ^aชื่อเรื่องจากปก : ตามรอยพ่อ :
500    ^aSend to Single Search
650  4 ^aการปฏิบัติธรรม
650  4 ^aธรรมะกับชีวิตประจำวัน
650  4 ^aพุทธศาสนา^vรวมเรื่อง
945    ^p0^l0^i13958
995    ^aกัณชพร
999 ^a ใช้งานได้ทุกระบบ
รายการนี้ยังไม่มีแท็ก
คุณยังไม่ได้ล็อกอิน คุณสามารถมีกิจกรรมร่วมกับเว็บไซต์ได้ แต่ต้องล็อกอินก่อน ::
  ล็อกอิน

รายการสื่อสารสนเทศ

ลำดับที่ ประเภท เลขเรียก/บาร์โค้ด สถานที่ สถานะ
- ไม่พบข้อมูล -

รายการใกล้เคียง
    ผู้แต่ง [จุ้มจะริง]

    หัวเรื่อง [การปฏิบัติธรรม]
    หัวเรื่อง [ธรรมะกับชีวิตประจำวัน]

BibComment


ยังไม่เคยถูกคอมเมนท์

คอมเมนท์ทรัพยากรรายการนี้
  คอมเมนท์: ตามรอยพ่อ จุ้มจ..


 Copyright 2026. Bcnsprnw @Library